| 000 | 00428nam a22001697a 4500 | ||
|---|---|---|---|
| 003 | NUST - PNEC | ||
| 005 | 20170116180840.0 | ||
| 008 | 150819b xxu||||| |||| 00| 0 eng d | ||
| 020 | _a9789698464431 | ||
| 040 | _cLIBRARY | ||
| 082 | _a297.26 SAY | ||
| 100 |
_95317 _aSayal, Sufi Nazar Mohammad |
||
| 245 |
_aAks e Momin _cSufi Nazar Muhammad Sayal |
||
| 260 | _cc2006. | ||
| 650 |
_95318 _aIslam _xGeneral |
||
| 942 |
_2ddc _cBK |
||
| 999 |
_c64377 _d64377 |
||